Elenca la formazione - Quiz n°88 - Statistics

Statistiche generali
  • Questo quiz è stato fatto 86 volte
  • Il punteggio medio è 6 su 11
Statistiche sulle risposte
Ruolo Nazione Calciatore % Corretto
Attaccante Argentina Lionel Messi
100%
Portiere Cile Claudio Bravo
92%
Centrocampista Spagna Sergio Busquets
88%
Difensore Argentina Javier Mascherano
86%
Attaccante Turchia Arda Turan
84%
Difensore Francia Samuel Umtiti
80%
Centrocampista Portogallo André Gomes
42%
Difensore Francia Lucas Digne
39%
Difensore Spagna Aleix Vidal
15%
Attaccante Spagna Munir
5%
Centrocampista Spagna Denis Suárez
1%
Nessun quiz corrispondente trovato
Distribuzione punteggi
Percentuale di utenti per punteggio
Percentile per numero di risposta
I tuoi punteggi nel tempo
Non hai fatto questo quiz